Η λίμνη με τις χάρτινες βάρκες

Αποθηκεύτηκε σε:
Λεπτομέρειες βιβλιογραφικής εγγραφής
Κύριος συγγραφέας: Βεργιόγλου, Γιάννης, 1922-
Μορφή: Βιβλίο
Γλώσσα:Greek
Δημοσίευση: Αθήνα : [χ.ό.], 2001.
Θέματα:
Ετικέτες: Προσθήκη ετικέτας
Δεν υπάρχουν, Καταχωρήστε ετικέτα πρώτοι!

MARC

LEADER 00000nam a2200000 a 4500
001 1/126821
008 230608t2001####gr | ||| |||| ||gre||
040 |a GR-MyUa  |b gre  |c GR-MyUa  |e AACR2 
041 0 |a gre 
082 7 |a 889.1   |2 (23) 
100 1 |a Βεργιόγλου, Γιάννης,   |d 1922- 
245 1 2 |a Η λίμνη με τις χάρτινες βάρκες /   |c Γιάννη Βεργιόγλου.  
260 |a Αθήνα :   |b [χ.ό.],   |c 2001.  
300 |a 48 σ. ;   |c 21 εκ.  
650 0 |a Greek poetry, Modern  |y 20th century. 
852 |a INST  |b SAMOS  |e 20230608  |h 889.1 ΒΕΡ  |p 005300047938  |q 005300047938  |t BK  |y 0 
970 |a Γουβάλα  |b Βάσω  |z 8-6-2023